| 000 | 00701nam a2200229Ia 4500 | ||
|---|---|---|---|
| 001 | 8631 | ||
| 003 | GE_BSU | ||
| 008 | 181216s||||||||xx |||||||||||||| ||und|| | ||
| 040 | _cGE_BSU | ||
| 080 | _a821.353.1-1 | ||
| 100 | _aთავდგირიძე, ევგენი | ||
| 245 | _aნუ შეჩერდები. | ||
| 245 | _bლექსები | ||
| 245 | _cრედ.: ლ. ბეჟანიძე; მხატვ.: რ. ლომაძე | ||
| 260 | _aბათუმი | ||
| 260 | _bსაბჭ. აჭარა | ||
| 260 | _c1990 | ||
| 300 | _a38 გვ; 17 სმ | ||
| 653 | _aლექსები | ||
| 653 | _aნუ შეჩერდები. | ||
| 942 | _cBK | ||
| 999 |
_c41947 _d41947 |
||